000
00323nam a22001457a 4500
008
211012b ||||| |||| 00| 0 eng d
020
_a
9780198235514
041
_a
eng
080
_a
101
082
_a
101
100
_a
24
101
_a
FIL
245
_a
Testinomy A Philosophical Study
_c
Coady,C.A.J
942
_2
udc
_c
BK
999
_c
58159
_d
58159